The erotics of authenticity: sex trafficking and reality tourism in Thailand /

Gardado en:
Detalles Bibliográficos
Autor Principal: Bernstein, Elizabeth
Outros autores: Shih, Elena
Formato: Texto
Etiquetas: Engadir etiqueta
Sen Etiquetas, Sexa o primeiro en etiquetar este rexistro!

MARC

LEADER 00000 a a2200000 04500
001 47400
003
040
100 |a Bernstein, Elizabeth  
245 |a The erotics of authenticity:   |b sex trafficking and reality tourism in Thailand /  |c Elizabeth Bernstein, Elena Shih  
700 |a Shih, Elena  
773 |g volumen21, número3, (2014), páginas 430-460 : fotos  
999 |c 37222  |d 37222